000 00629nam a22002417a 4500
003 UA-OsUOA
001 54246
007 ta
008 20080602b un ||||| |||| 00| 0 ukr d
100 _aМирзоев С.
090 _a323.27
_bМ63
942 _cBK
040 _aUA-OsUOA
_brus
_cUA-OsUOA
_dUA-OsUOA
245 _aГибель права: легитимность в "оранжевых революциях"
300 _a232 с.
955 _a2
041 _arus
080 _a323.27
020 _a5-9739-0048-7
260 _aМ.
_bЕворопа
_c2006
650 7 _a32 Політика
_2UDC
999 _c340358
_d340358